000 00607nam a22001577a 4500
003 OSt
005 20151112155147.0
008 151112b xxu||||| |||| 00| 0 eng d
040 _cRUA
082 _aFOR HAN 2008 B135 Or.1
100 _93624
_aHANG, CHANDARA VUTH.
245 _aCorrelation between length and weight of three rattan species in kampong provine, ទំនាក់ទំនងរវាងប្រវែង និងទំងន់ផ្ដៅបីប្រភេទនៅខេត្តកំពត
260 _aPhnom Penh
_bRUA
_c2008
300 _axi; 42p.
_bill.
_c29cm.
942 _2ddc
_cFOR
999 _c3375
_d3375